[Event "Mittelrhein Verbandsliga-M 1112"]
[Site "Germany"]
[Date "2012.05.06"]
[Round "10.8"]
[White "Rosen, Daniel B"]
[Black "Hensen, Ingo"]
[Result "1/2-1/2"]
[WhiteElo "1827"]
[BlackElo "1487"]
[PlyCount "34"]
[EventDate "2011.09.18"]
[EventType "team-tourn"]
[EventRounds "11"]
[EventCountry "GER"]
[SourceTitle "EXT 2013"]
[Source "ChessBase"]
[SourceDate "2012.11.22"]
[SourceVersion "1"]
[SourceVersionDate "2012.11.22"]
[SourceQuality "1"]
[WhiteTeam "Rheinpark BSG"]
[BlackTeam "Aachen Aufwaerts III"]
[WhiteTeamCountry "GER"]
[BlackTeamCountry "GER"]

1. Nf3 Nf6 2. g3 b6 3. Bg2 Bb7 4. d3 d5 5. 0-0 e6 6. Nbd2 Nbd7 7. c3 a6 8. Re1 Bd6 9. e4 dxe4 10. dxe4 Ng4 11. h3 Nge5 12. Qc2 0-0 13. Nxe5 Nxe5 14. Nf1 a5 15. Bf4 Qf6 16. Bxe5 Qxe5 17. Ne3 Rad8 1/2-1/2